[Event "Lliga Catalana DH Final A"]
[Site "?"]
[Date "2015.04.18"]
[Round "11.7"]
[White "Martinez Ramirez, E."]
[Black "Martin Gonzalez, A."]
[Result "0-1"]
[WhiteElo "2349"]
[BlackElo "2463"]
[PlyCount "116"]
[EventDate "2015.??.??"]
[EventType "team"]

1. e4 c5 2. Nf3 d6 3. d4 cxd4 4. Nxd4 Nf6 5. Nc3 g6 6. Be3 Bg7 7. f3 Nc6 8. Qd2
O-O 9. g4 e5 10. Ndb5 a6 11. Na3 b5 12. Nd5 Nxd5 13. Qxd5 Qc7 14. O-O-O Rd8 15.
Bg5 Be6 16. Bxd8 Rxd8 17. Qd2 Nd4 18. Kb1 Nxf3 19. Qd3 Nd4 20. c3 Nc6 21. h3
Qa5 22. Bg2 Bf8 23. g5 Rb8 24. Ka1 Nd8 25. h4 Nb7 26. Bh3 Nc5 27. Qc2 Qc7 28.
h5 a5 29. hxg6 hxg6 30. Bxe6 Nxe6 31. Qd3 Nf4 32. Qd2 Qc6 33. Rde1 Be7 34. Qh2
Nh5 35. Nc2 b4 36. cxb4 axb4 37. Qg2 Nf4 38. Qh2 Nh5 39. Qd2 b3 40. Nb4 Qa4 41.
a3 d5 42. Nxd5 Bxa3 43. bxa3 b2+ 44. Kb1 Qxa3 45. Nc3 Qa1+ 46. Kc2 Qa3 47. Kb1
Qa1+ 48. Kc2 Qa3 49. Re3 Nf4 50. Qh2 Nh5 51. Qxe5 Qb3+ 52. Kb1 Ra8 53. Na4 Qxe3
54. Nxb2 Qb3 55. Qd5 Qa3 56. Rd1 Qa1+ 57. Kc2 Rc8+ 58. Nc4 Qa4+ 0-1

[Event "Lliga Catalana DH Final A"]
[Site "?"]
[Date "2015.04.18"]
[Round "11.8"]
[White "Arias Boo, G."]
[Black "Perez Mañas, B."]
[Result "1-0"]
[WhiteElo "2389"]
[BlackElo "2381"]
[PlyCount "87"]
[EventDate "2015.??.??"]
[EventType "team"]

1. d4 f5 2. e4 fxe4 3. Nc3 Nf6 4. Bg5 c6 5. Bxf6 exf6 6. Nxe4 d5 7. Ng3 Qe7+ 8.
Qe2 Bg4 9. Qxe7+ Bxe7 10. Be2 Be6 11. O-O-O Nd7 12. Re1 Kf7 13. Bd3 g6 14. f4
f5 15. Nf3 Rae8 16. Nf1 Bd6 17. g3 Kg7 18. Ng5 Bf7 19. Nd2 Nf6 20. Ndf3 Ne4 21.
Nxf7 Kxf7 22. Rhf1 Kf6 23. Ne5 h5 24. c3 Re7 25. Bxe4 fxe4 26. b4 Kg7 27. Kd2
a5 28. a3 Ra8 29. Ra1 g5 30. Ke3 Ra6 31. Rfb1 b5 32. a4 Bxe5 33. dxe5 axb4 34.
axb5 Rb6 35. Rxb4 c5 36. Rbb1 Kg6 37. c4 dxc4 38. Kxe4 gxf4 39. gxf4 Rd7 40.
f5+ Kg5 41. Rg1+ Kh4 42. Rad1 Re7 43. Rg3 Rxb5 44. Rf1 1-0

[Event "Lliga Catalana DH Final A"]
[Site "?"]
[Date "2015.04.18"]
[Round "11.9"]
[White "Obon Temprano, S."]
[Black "Ibañez Tarradellas, E."]
[Result "1/2-1/2"]
[WhiteElo "2373"]
[BlackElo "2364"]
[PlyCount "114"]
[EventDate "2015.??.??"]
[EventType "team"]

1. d4 d5 2. Nf3 Nc6 3. c3 Bg4 4. Bf4 e6 5. Nbd2 Bd6 6. Bg3 f5 7. e3 Nf6 8. Be2
O-O 9. O-O Ne4 10. Bxd6 cxd6 11. Ne1 Bxe2 12. Qxe2 Nxd2 13. Qxd2 b5 14. Nd3 Qb6
15. Rfc1 Rfc8 16. Rc2 a5 17. Rac1 a4 18. Qe2 g6 19. Nf4 Kf7 20. Qf3 Ne7 21. h4
Ra7 22. a3 Ng8 23. Nd3 Nf6 24. g3 Re7 25. Nb4 Qb7 26. Rd1 Kg7 27. Kg2 h6 28.
Rcd2 Rh8 29. Rh1 g5 30. hxg5 hxg5 31. Rdd1 Ree8 32. Qe2 g4 33. Nd3 Rxh1 34.
Rxh1 Rh8 35. Qf1 Qc8 36. Nf4 Rxh1 37. Qxh1 e5 38. Nh5+ Nxh5 39. Qxh5 Qe6 40.
Qg5+ Kf7 41. dxe5 dxe5 42. Qh4 Kg6 43. Qh8 f4 44. exf4 exf4 45. gxf4 Qe4+ 46.
Kg1 Qe1+ 47. Kg2 Qe4+ 48. Kf1 Qb1+ 49. Kg2 Qe4+ 50. Kg1 Qe1+ 51. Kg2 Qe4+ 52.
Kf1 Qb1+ 53. Kg2 Qe4+ 54. Kg1 Qe1+ 55. Kg2 Qe4+ 56. Kf1 Qb1+ 57. Kg2 Qe4+
1/2-1/2

[Event "Lliga Catalana DH Final A"]
[Site "?"]
[Date "2015.04.18"]
[Round "11.10"]
[White "Luna Cortes, L."]
[Black "Rivas Garcia, V."]
[Result "1-0"]
[WhiteElo "2309"]
[BlackElo "2346"]
[PlyCount "53"]
[EventDate "2015.??.??"]
[EventType "team"]

1. e4 c5 2. g3 Nc6 3. Bg2 g6 4. f4 Bg7 5. Nf3 e6 6. O-O Nge7 7. d3 O-O 8. Nc3
d5 9. e5 Nf5 10. Na4 b5 11. Nc3 b4 12. Ne2 h5 13. h3 a5 14. g4 hxg4 15. hxg4
Nh4 16. Nxh4 Qxh4 17. g5 Bb7 18. Rf3 d4 19. Rh3 Qg4 20. Rg3 Qh4 21. Qf1 Rfb8
22. Bf3 Nxe5 23. fxe5 Bxf3 24. Qxf3 Bxe5 25. Rh3 Qe1+ 26. Kg2 Qd1 27. Bf4 1-0

[Event "Lliga Catalana DH Final A"]
[Site "?"]
[Date "2015.04.18"]
[Round "11.1"]
[White "Lopez Martinez, JM."]
[Black "Gonzalez Rodriguez, JA."]
[Result "1-0"]
[WhiteElo "2571"]
[BlackElo "2466"]
[PlyCount "82"]
[EventDate "2015.??.??"]
[EventType "team"]

1. d4 Nf6 2. c4 c5 3. d5 e5 4. Nc3 d6 5. e4 g6 6. f3 h5 7. Be3 Bh6 8. Bf2 Kf8
9. h4 Kg7 10. g3 Qe7 11. Bd3 Nbd7 12. Nge2 Nf8 13. Qc2 b6 14. a3 Bd7 15. b4 g5
16. hxg5 Bxg5 17. bxc5 bxc5 18. Nd1 Ng6 19. Ne3 h4 20. Rg1 Nh5 21. gxh4 Bxe3
22. Bxe3 Qxh4+ 23. Kd2 Qe7 24. Qc3 f6 25. Rab1 Rab8 26. Qa5 Rxb1 27. Rxb1 Bc8
28. Rb8 Bh3 29. Qb5 Rxb8 30. Qxb8 Nhf4 31. Nc1 Qd7 32. Qb5 Nxd3 33. Qxd7+ Bxd7
34. Kxd3 Ba4 35. Ne2 a6 36. Ng3 Bd7 37. Bd2 Bh3 38. Ba5 Kf7 39. Bd8 Nf4+ 40.
Kd2 Bg2 41. Nf5 Ke8 1-0

[Event "Lliga Catalana DH Final A"]
[Site "?"]
[Date "2015.04.18"]
[Round "11.2"]
[White "Cuadras Avellana, J."]
[Black "Alonso Rosell, A."]
[Result "1/2-1/2"]
[WhiteElo "2357"]
[BlackElo "2578"]
[PlyCount "145"]
[EventDate "2015.??.??"]
[EventType "team"]

1. e4 d6 2. d4 Nf6 3. Nc3 e5 4. Nf3 Nbd7 5. Bc4 Be7 6. O-O O-O 7. Re1 c6 8. a4
a5 9. h3 Nb6 10. Bb3 Nfd7 11. Be3 exd4 12. Bxd4 Nc5 13. Bxc5 dxc5 14. Qe2 Qd6
15. e5 Qg6 16. e6 fxe6 17. Bxe6+ Bxe6 18. Qxe6+ Qxe6 19. Rxe6 Bf6 20. Ne4 Bxb2
21. Ra2 Bf6 22. Nxc5 Rf7 23. Ne4 Rd8 24. Nxf6+ gxf6 25. Ra1 Rd5 26. Re4 Rfd7
27. Ra3 Rc5 28. Rb3 Rc4 29. Re8+ Kf7 30. Rh8 Kg7 31. Rb8 Rb4 32. Re3 Rxa4 33.
g4 Ra1+ 34. Kh2 Nd5 35. Rd3 Rc1 36. Nd4 a4 37. Ra8 Kf7 38. Rh8 Kg7 39. Ra8 Kf7
40. Rh8 Ne7 41. Re3 Kg7 42. Re8 Kf7 43. Rh8 Kg7 44. Re8 Nd5 45. R3e4 Kf7 46.
Rh8 Re7 47. Rxh7+ Ke8 48. Rhxe7+ Nxe7 49. Nf5 a3 50. Rxe7+ Kd8 51. Rxb7 a2 52.
Ra7 a1=Q 53. Rxa1 Rxa1 54. Kg3 Ra3+ 55. Ne3 Ke7 56. c4 Ke6 57. Kf4 Ra2 58. Kf3
Ke5 59. h4 Ra3 60. h5 Ra8 61. Nf5 Ra3+ 62. Ne3 Ra8 63. Nf5 Ra3+ 64. Ne3 Rb3 65.
h6 Ke6 66. Ke4 Kf7 67. Nf5 Kg6 68. f4 Rc3 69. Kd4 Rc1 70. Ne7+ Kxh6 71. g5+
fxg5 72. fxg5+ Kxg5 73. Nxc6 1/2-1/2

[Event "Lliga Catalana DH Final A"]
[Site "?"]
[Date "2015.04.18"]
[Round "11.3"]
[White "Perpinya Rofes, LM."]
[Black "Pinsach Gelabert, A."]
[Result "1-0"]
[WhiteElo "2443"]
[BlackElo "2314"]
[PlyCount "53"]
[EventDate "2015.??.??"]
[EventType "team"]

1. e4 e5 2. Nf3 Nc6 3. Bb5 a6 4. Ba4 Nf6 5. Qe2 b5 6. Bb3 Bc5 7. c3 d6 8. d3
O-O 9. Bg5 Na5 10. Bc2 Bb6 11. Nbd2 c5 12. Nf1 c4 13. d4 Nc6 14. O-O-O exd4 15.
cxd4 Bg4 16. Qe3 Re8 17. Ng3 h6 18. Bh4 Ne5 19. h3 Bxf3 20. gxf3 Ng6 21. Bxf6
Qxf6 22. Rhg1 Nf4 23. Kb1 Nxh3 24. Nh5 Qe5 25. Rxg7+ Kf8 26. Qxh6 Bxd4 27. Rg5+
1-0

[Event "Lliga Catalana DH Final A"]
[Site "?"]
[Date "2015.04.18"]
[Round "11.4"]
[White "Rocabert Andreu, G."]
[Black "Rojas Keim, LA."]
[Result "1-0"]
[WhiteElo "2297"]
[BlackElo "2471"]
[PlyCount "49"]
[EventDate "2015.??.??"]
[EventType "team"]

1. d4 Nf6 2. Nf3 c5 3. c4 cxd4 4. Nxd4 e5 5. Nc2 b5 6. cxb5 Bb7 7. Bg5 Qb6 8.
Nc3 Ne4 9. Nxe4 Bxe4 10. f3 Bb7 11. e4 Bc5 12. Qd2 a5 13. Bc4 O-O 14. Be3 Rc8
15. b3 a4 16. O-O d6 17. Bxc5 Rxc5 18. Qf2 Nd7 19. Ne3 Qd8 20. Rad1 Qf6 21. Rd2
axb3 22. axb3 Nb6 23. Rfd1 Nc8 24. Ng4 Qe7 25. Qxc5 1-0

[Event "Lliga Catalana DH Final A"]
[Site "?"]
[Date "2015.04.18"]
[Round "11.5"]
[White "Lorenzo de la Riva, L."]
[Black "Pijuan Herranz, M."]
[Result "1-0"]
[WhiteElo "2428"]
[BlackElo "2302"]
[PlyCount "51"]
[EventDate "2015.??.??"]
[EventType "team"]

1. e4 e5 2. Nf3 Nc6 3. c3 Nf6 4. d4 Nxe4 5. d5 Ne7 6. Nxe5 Ng6 7. Nxg6 hxg6 8.
Bd3 Nc5 9. O-O Qh4 10. Re1+ Be7 11. h3 Nxd3 12. Qxd3 O-O 13. Nd2 Bc5 14. Ne4 d6
15. Bg5 Bxf2+ 16. Kf1 Bxe1 17. Bxh4 Bxh4 18. Qc4 f5 19. Nxd6 Bg3 20. Nxc8 Raxc8
21. d6+ Kh7 22. d7 Rcd8 23. Rd1 Rf6 24. Rd3 Rc6 25. Qb4 Bd6 26. Qh4+ 1-0

[Event "Lliga Catalana DH Final A"]
[Site "?"]
[Date "2015.04.18"]
[Round "11.6"]
[White "Serra Pages, J."]
[Black "Rahal, M."]
[Result "1/2-1/2"]
[WhiteElo "2437"]
[BlackElo "2291"]
[PlyCount "91"]
[EventDate "2015.??.??"]
[EventType "team"]

1. d4 e6 2. c4 Bb4+ 3. Bd2 Qe7 4. Nc3 Nf6 5. a3 Bxc3 6. Bxc3 Ne4 7. Qc2 Nxc3 8.
Qxc3 d6 9. Nf3 Nd7 10. g3 O-O 11. Bg2 a5 12. O-O a4 13. Rac1 c5 14. e3 Ra6 15.
Nd2 e5 16. dxe5 dxe5 17. Qc2 Nf6 18. Ne4 Bf5 19. Nxf6+ Qxf6 20. Be4 Bxe4 21.
Qxe4 Rb6 22. Rc2 Rd8 23. f4 exf4 24. Rxf4 Rd1+ 25. Kg2 Qc6 26. Qxc6 Rxc6 27.
Rf5 b6 28. Rd5 Rd6 29. e4 f6 30. Kf3 Kf7 31. Ke2 Rd4 32. Rxd6 Rxd6 33. Rd2
Rxd2+ 34. Kxd2 Ke6 35. Ke2 Ke5 36. Kd3 g6 37. Ke3 h6 38. Kd3 h5 39. Ke3 g5 40.
h3 f5 41. exf5 Kxf5 42. Kf3 g4+ 43. hxg4+ hxg4+ 44. Ke3 Ke5 45. Kd3 Kf5 46. Ke3
1/2-1/2

[Event "Lliga Catalana DH Final A"]
[Site "?"]
[Date "2015.04.18"]
[Round "11.7"]
[White "Colon Garcia, E."]
[Black "Casanellas Ruano, L."]
[Result "1-0"]
[WhiteElo "2403"]
[BlackElo "2270"]
[PlyCount "31"]
[EventDate "2015.??.??"]
[EventType "team"]

1. e4 c6 2. Nc3 d5 3. Nf3 Bg4 4. Be2 e6 5. d4 Bb4 6. O-O Bxc3 7. bxc3 dxe4 8.
Ne5 Bf5 9. Rb1 Qc8 10. Nc4 Qc7 11. Rxb7 Qd8 12. Ba3 Qh4 13. Nd6+ Kd8 14. Nxf7+
Kc8 15. Nd6+ Kd8 16. Qb1 1-0

[Event "Lliga Catalana DH Final A"]
[Site "?"]
[Date "2015.04.18"]
[Round "11.8"]
[White "Colls Gelaberto, E."]
[Black "Diaz Camallonga, C."]
[Result "1/2-1/2"]
[WhiteElo "2238"]
[BlackElo "2411"]
[PlyCount "47"]
[EventDate "2015.??.??"]
[EventType "team"]

1. Nf3 Nf6 2. c4 e6 3. d4 Bb4+ 4. Bd2 Qe7 5. g3 Nc6 6. Bg2 Bxd2+ 7. Qxd2 Ne4 8.
Qc2 Qb4+ 9. Nc3 f5 10. Qb3 Nxc3 11. Qxc3 Qxc3+ 12. bxc3 d6 13. Rb1 O-O 14. Nd2
Nd8 15. O-O e5 16. e3 Re8 17. Rfe1 c6 18. f4 e4 19. g4 b6 20. gxf5 Bxf5 21. Nf1
Be6 22. Nd2 Bf5 23. Nf1 Be6 24. Nd2 1/2-1/2

[Event "Lliga Catalana DH Final A"]
[Site "?"]
[Date "2015.04.18"]
[Round "11.9"]
[White "Tallo Dominguez, I."]
[Black "Fernandez Garcia, F."]
[Result "1-0"]
[WhiteElo "2339"]
[BlackElo "2235"]
[PlyCount "54"]
[EventDate "2015.??.??"]
[EventType "team"]

1. e4 c5 2. Nf3 g6 3. d4 cxd4 4. Nxd4 Bg7 5. Nc3 Nc6 6. Be3 Nf6 7. Bc4 O-O 8.
Bb3 d6 9. h3 Bd7 10. O-O Nxd4 11. Bxd4 Bc6 12. Qd3 Nd7 13. Bxg7 Kxg7 14. Rad1
Kg8 15. f4 a5 16. Kh1 Qb6 17. Bd5 Nc5 18. Qd4 Nd7 19. Qd3 Nc5 20. Qf3 e6 21.
Bxc6 Qxc6 22. f5 Nd7 23. Qf4 Ne5 24. Qh6 gxf5 25. exf5 f6 26. fxe6 Ng6 27. Nd5
f5 1-0

[Event "Lliga Catalana DH Final A"]
[Site "?"]
[Date "2015.04.18"]
[Round "11.10"]
[White "Lillo Ferrer, JM."]
[Black "Jareño Badenas, A."]
[Result "1-0"]
[WhiteElo "2189"]
[BlackElo "2198"]
[PlyCount "65"]
[EventDate "2015.??.??"]
[EventType "team"]

1. g3 Nf6 2. Bg2 e6 3. d3 d5 4. Nd2 c5 5. e4 Nc6 6. f4 Be7 7. Ngf3 O-O 8. O-O
b5 9. a4 b4 10. Re1 Qb6 11. e5 c4+ 12. Kf1 cxd3 13. exf6 dxc2 14. Qxc2 Ba6+ 15.
Re2 Bxf6 16. Nb3 Rac8 17. Qd1 d4 18. Kg1 Bxe2 19. Qxe2 d3+ 20. Qe3 Qxe3+ 21.
Bxe3 Bxb2 22. Rd1 Rfd8 23. Bf1 Ne7 24. Bxa7 Rc3 25. Nfd2 Nc6 26. Bb6 Rd7 27. a5
Nb8 28. Nc5 Rd6 29. Ndb3 Rc6 30. Na4 Rxb3 31. Bxd3 Ra3 32. Nxb2 Ra2 33. Bc4 1-0

[Event "Lliga Catalana DH Final A"]
[Site "?"]
[Date "2015.04.18"]
[Round "11.1"]
[White "Rakhmanov, A."]
[Black "Cruz Sanchez, J."]
[Result "1-0"]
[WhiteElo "2598"]
[BlackElo "2501"]
[PlyCount "93"]
[EventDate "2015.??.??"]
[EventType "team"]

1. c4 Nf6 2. Nc3 e5 3. Nf3 Nc6 4. d4 exd4 5. Nxd4 Bb4 6. Bg5 O-O 7. e3 h6 8.
Bh4 g5 9. Bg3 Ne4 10. Rc1 Qf6 11. Nde2 Ne7 12. a3 Nf5 13. axb4 Nfxg3 14. Nxe4
Nxe4 15. f3 Nd6 16. Qd4 Qe6 17. Ng3 Re8 18. Kf2 Nf5 19. Nxf5 Qxf5 20. Bd3 Qe5
21. h4 a5 22. hxg5 hxg5 23. b5 a4 24. Rh5 Re6 25. Rch1 Kf8 26. Qxe5 Rxe5 27. f4
Rc5 28. Ra1 d5 29. Rxg5 Be6 30. cxd5 Rxd5 31. Rxd5 Bxd5 32. e4 Bb3 33. Rc1 Rd8
34. Ke3 Ke7 35. Rxc7+ Kd6 36. Rxb7 Rg8 37. e5+ Kc5 38. Rc7+ Kb6 39. Rc6+ Ka5
40. b6 Kb4 41. b7 Rb8 42. Rb6+ Kc5 43. Rb5+ Kc6 44. Kd4 Kc7 45. Kc5 Be6 46. Be4
Bg4 47. Ra5 1-0

[Event "Lliga Catalana DH Final A"]
[Site "?"]
[Date "2015.04.18"]
[Round "11.2"]
[White "Cruz Estrada, F."]
[Black "Narciso Dublan, M."]
[Result "0-1"]
[WhiteElo "2462"]
[BlackElo "2570"]
[PlyCount "106"]
[EventDate "2015.??.??"]
[EventType "team"]

1. c4 Nf6 2. Nc3 e6 3. e3 Bb4 4. Nge2 O-O 5. a3 Be7 6. d4 d5 7. cxd5 exd5 8.
Ng3 Re8 9. Be2 Nbd7 10. O-O c6 11. b3 g6 12. a4 Nf8 13. Ba3 Bxa3 14. Rxa3 h5
15. Re1 a5 16. Ra2 Ne6 17. Nf1 Ng7 18. Nd2 Bg4 19. Nf3 Bxf3 20. Bxf3 Nf5 21.
Rb2 Qe7 22. Ree2 Rad8 23. Rb1 Ne4 24. Rc1 Ng5 25. Rec2 Nxf3+ 26. gxf3 Qg5+ 27.
Kh1 Nh4 28. Qf1 Nxf3 29. Qh3 Qf6 30. Qg2 Re7 31. Ne2 Rde8 32. Ng1 Nh4 33. Qg3
Nf5 34. Qf3 Qh4 35. Qg2 Qf6 36. Nf3 Nh4 37. Nxh4 Qxh4 38. Rc5 Ra8 39. Rb1 Kg7
40. Rg1 Re6 41. Rf1 Qe7 42. Re1 b6 43. Rc3 Rd8 44. Rec1 Rdd6 45. Kg1 Rf6 46.
Qg5 Qe4 47. Qe5 Qg4+ 48. Qg3 Qd7 49. h4 Rde6 50. f4 Re4 51. Kg2 Qe8 52. R1c2 c5
53. dxc5 bxc5 0-1

[Event "Lliga Catalana DH Final A"]
[Site "?"]
[Date "2015.04.18"]
[Round "11.3"]
[White "Romero Holmes, A."]
[Black "Rivero Ojeda, C."]
[Result "1-0"]
[WhiteElo "2540"]
[BlackElo "2346"]
[PlyCount "75"]
[EventDate "2015.??.??"]
[EventType "team"]

1. d4 Nf6 2. Bg5 Ne4 3. Bf4 g6 4. f3 Nf6 5. e4 d6 6. Qd2 Nbd7 7. Nc3 a6 8. Bh6
c5 9. Bxf8 Kxf8 10. dxc5 Nxc5 11. e5 Ne8 12. O-O-O Bd7 13. exd6 exd6 14. Qd4
Rg8 15. Nge2 Ne6 16. Qe3 Bc6 17. Nd4 Qf6 18. Nxc6 bxc6 19. Qb6 Qg5+ 20. Kb1 Qc5
21. Qb7 Ra7 22. Qb8 d5 23. Na4 Qe7 24. Qb6 Qc7 25. Qe3 Ra8 26. g3 Nd6 27. Bh3
Qa5 28. Qa3 Rd8 29. Bxe6 fxe6 30. Rhe1 Kf7 31. Rxe6 Rge8 32. Rxe8 Rxe8 33. Qxd6
Qxa4 34. b3 Qb5 35. Rd4 Qb7 36. Rb4 Qc8 37. Rf4+ Kg8 38. Rf6 1-0

[Event "Lliga Catalana DH Final A"]
[Site "?"]
[Date "2015.04.18"]
[Round "11.4"]
[White "Gonzalez Garcia, M."]
[Black "Gual Pascual, A."]
[Result "0-1"]
[WhiteElo "2331"]
[BlackElo "2511"]
[PlyCount "54"]
[EventDate "2015.??.??"]
[EventType "team"]

1. d4 g6 2. c4 Bg7 3. e4 d6 4. Nc3 e5 5. Be3 Nf6 6. Nf3 exd4 7. Nxd4 Ng4 8. Bf4
Qf6 9. Nde2 O-O 10. f3 Ne5 11. b3 Na6 12. Qd2 Nc5 13. Bg5 Nxf3+ 14. gxf3 Qxf3
15. Rg1 Nd3+ 16. Kd1 Nf2+ 17. Kc2 Nxe4 18. Qe3 Nxg5 19. Qxg5 Bf5+ 20. Kb2 Rfe8
21. Qd2 Qf2 22. Rg2 Qc5 23. Ng3 Re3 24. Rc1 Rae8 25. Nxf5 Qxf5 26. Rf2 Qe5 27.
Re2 Rxe2 0-1

[Event "Lliga Catalana DH Final A"]
[Site "?"]
[Date "2015.04.18"]
[Round "11.5"]
[White "Bofill Mas, A."]
[Black "Boix Moreno, D."]
[Result "0-1"]
[WhiteElo "2437"]
[BlackElo "2320"]
[PlyCount "84"]
[EventDate "2015.??.??"]
[EventType "team"]

1. c4 c5 2. g3 g6 3. Bg2 Bg7 4. Nc3 Nc6 5. Nf3 d6 6. O-O e6 7. a3 Nge7 8. b4
O-O 9. Rb1 b6 10. Na4 Rb8 11. d3 cxb4 12. axb4 b5 13. cxb5 Rxb5 14. Bd2 Bd7 15.
Ne1 Nd5 16. Nc2 Rb8 17. e4 Nc7 18. Nc3 Rc8 19. Re1 Ne7 20. d4 Nb5 21. Nxb5 Bxb5
22. Na3 Bc6 23. b5 Ba8 24. Qa4 Qd7 25. Be3 f5 26. f3 fxe4 27. fxe4 d5 28. e5
Nf5 29. Bf2 Bh6 30. g4 Ne7 31. Bh4 Bf4 32. Bf6 g5 33. Rb3 Ng6 34. Rh3 Nh4 35.
Bf1 Rxf6 36. exf6 e5 37. dxe5 Qxg4+ 38. Rg3 Be3+ 39. Rexe3 Qxa4 40. e6 d4 41.
Rxg5+ Kh8 42. f7 dxe3 0-1

[Event "Lliga Catalana DH Final A"]
[Site "?"]
[Date "2015.04.18"]
[Round "11.6"]
[White "Leiro Giralt, D."]
[Black "Aranaz Murillo, A."]
[Result "0-1"]
[WhiteElo "2303"]
[BlackElo "2344"]
[PlyCount "64"]
[EventDate "2015.??.??"]
[EventType "team"]

1. e4 c6 2. Nc3 d5 3. Nf3 Bg4 4. Be2 e6 5. O-O Nf6 6. Ne5 Bxe2 7. Qxe2 Be7 8.
d3 O-O 9. f4 Na6 10. Nf3 b5 11. e5 Nd7 12. g4 b4 13. Nd1 c5 14. Nf2 Nc7 15. g5
Qb8 16. Ne1 Qb6 17. Be3 Rfc8 18. Qh5 Ne8 19. Ng4 d4 20. Bc1 c4 21. Rf3 b3 22.
Rh3 Nf8 23. Nf6+ Bxf6 24. gxf6 gxf6 25. Nf3 cxd3 26. exf6 Rxc2 27. Ne5 Qb7 28.
Rg3+ Ng6 29. Ng4 Rac8 30. Nh6+ Kh8 31. Rxg6 fxg6 32. f7 Qg2# 0-1

[Event "Lliga Catalana DH Final A"]
[Site "?"]
[Date "2015.04.18"]
[Round "11.7"]
[White "Ramirez Garcia, JA."]
[Black "Gallart Zafra, J."]
[Result "1-0"]
[WhiteElo "2344"]
[BlackElo "2305"]
[PlyCount "51"]
[EventDate "2015.??.??"]
[EventType "team"]

1. e4 c5 2. Nf3 d6 3. d4 cxd4 4. Nxd4 Nf6 5. f3 e5 6. Nb3 d5 7. Bg5 Be6 8. Bxf6
gxf6 9. exd5 Qxd5 10. Qxd5 Bxd5 11. N1d2 Nc6 12. Bc4 Rd8 13. Bxd5 Rxd5 14. Ne4
Ke7 15. Kf2 Bh6 16. Ng3 Ke6 17. c4 Rd4 18. Nxd4+ Nxd4 19. Rad1 Rc8 20. b3 f5
21. Rhe1 Kf6 22. f4 exf4 23. Nh5+ Kg6 24. Rxd4 Kxh5 25. Re5 Kg6 26. Rd7 1-0

[Event "Lliga Catalana DH Final A"]
[Site "?"]
[Date "2015.04.18"]
[Round "11.8"]
[White "Clopes Llahi, J."]
[Black "Avila Jimenez, X."]
[Result "0-1"]
[WhiteElo "2250"]
[BlackElo "2308"]
[PlyCount "192"]
[EventDate "2015.??.??"]
[EventType "team"]

1. e4 c6 2. d4 d5 3. Nc3 dxe4 4. Nxe4 Bf5 5. Ng3 Bg6 6. N1e2 e6 7. Nf4 Bd6 8.
c3 Qc7 9. Qf3 Nf6 10. Be3 Nbd7 11. O-O-O Nd5 12. Nxg6 hxg6 13. Kb1 Nxe3 14.
Qxe3 Bf4 15. Qf3 Nf6 16. h3 O-O-O 17. Bc4 Nd5 18. Ne4 Bh6 19. Rhe1 Qf4 20. Qxf4
Nxf4 21. Bf1 Nd5 22. Nc5 Rhe8 23. Nd3 Re7 24. g3 Bg5 25. Bg2 Bf6 26. Kc2 a5 27.
Ne5 Kc7 28. Ng4 Red7 29. Ne5 Re7 30. Ng4 Rh8 31. Re2 Ree8 32. Ne5 Rhf8 33. Nc4
Ra8 34. Ne5 Be7 35. Nd3 Rfd8 36. Ne5 Rf8 37. Nd3 Bf6 38. Ne5 Be7 39. Nd3 Ra7
40. Re4 a4 41. a3 Ra5 42. Ne5 Bf6 43. Re2 Ra6 44. Ng4 Ra5 45. Ne5 Be7 46. Nd3
Nb6 47. Re5 Raa8 48. Re2 Bd6 49. Ne5 Ra5 50. Rde1 Be7 51. Rd1 Bf6 52. Ng4 Rb5
53. Nxf6 gxf6 54. Kc1 Rd8 55. Re3 Rh8 56. h4 g5 57. hxg5 fxg5 58. Be4 Ra5 59.
Bd3 Nd5 60. Rf3 f5 61. Bc4 Rh2 62. Bxd5 Rxd5 63. Re3 Kd6 64. Rd2 f4 65. gxf4
gxf4 66. Re4 Rf5 67. Rde2 Rf6 68. Re5 Rg6 69. f3 Rxe2 70. Rxe2 Rg1+ 71. Kd2 Rf1
72. Re4 Rf2+ 73. Kd3 Rxb2 74. Rxf4 b5 75. Rf8 Rb3 76. Ra8 Rxa3 77. Kc2 Ra2+ 78.
Kd3 Rf2 79. Ke3 Ra2 80. Kd3 Rh2 81. Rd8+ Ke7 82. Ra8 Rb2 83. c4 Ra2 84. cxb5
cxb5 85. Kc3 Ra3+ 86. Kb4 Rb3+ 87. Kc5 a3 88. Ra7+ Ke8 89. Kd6 b4 90. Kxe6 Re3+
91. Kd5 Rc3 92. f4 Rc2 93. f5 a2 94. Ke6 Re2+ 95. Kd6 b3 96. f6 Re1 0-1

[Event "Lliga Catalana DH Final A"]
[Site "?"]
[Date "2015.04.18"]
[Round "11.9"]
[White "Lopez Agustench, E."]
[Black "Marques Taltavull, A."]
[Result "0-1"]
[WhiteElo "2328"]
[BlackElo "2209"]
[PlyCount "98"]
[EventDate "2015.??.??"]
[EventType "team"]

1. d4 c5 2. d5 e5 3. e4 d6 4. Bb5+ Nd7 5. a4 Ngf6 6. Nc3 Be7 7. Nf3 O-O 8. O-O
Ne8 9. Qe2 g6 10. Bh6 Ng7 11. Nd2 Nf6 12. f3 Kh8 13. a5 a6 14. Bd3 Ng8 15.
Bxg7+ Kxg7 16. Nc4 f5 17. Na4 f4 18. Nab6 Rb8 19. c3 g5 20. b4 Qc7 21. Qf2 cxb4
22. cxb4 Nf6 23. Rfc1 Qd8 24. Rc2 g4 25. Rac1 gxf3 26. gxf3 Bd7 27. Kh1 Kh8 28.
Na3 Nh5 29. Nxd7 Qxd7 30. Rc7 Qd8 31. b5 Rg8 32. b6 Bh4 33. Qf1 Qg5 34. R7c2
Rbf8 35. Qh3 Rf6 36. Rc8 Rfg6 37. Rxg8+ Rxg8 38. Qg4 Qxg4 39. fxg4 Rxg4 40.
Bxa6 Nf6 41. Be2 Rg8 42. Bf3 Bf2 43. Nb5 Bc5 44. Nc7 Nd7 45. h3 Rg3 46. Bg4 Nf6
47. Bf5 f3 48. Ne6 Nxe4 49. a6 Nf2+ 0-1

[Event "Lliga Catalana DH Final A"]
[Site "?"]
[Date "2015.04.18"]
[Round "11.10"]
[White "Rodriguez Diaz, J."]
[Black "Reverdy, MF."]
[Result "1-0"]
[WhiteElo "2024"]
[BlackElo "1791"]
[PlyCount "81"]
[EventDate "2015.??.??"]
[EventType "team"]

1. e4 c5 2. Nf3 g6 3. d4 cxd4 4. Nxd4 Nc6 5. c4 Nf6 6. Nc3 d6 7. Be2 Nxd4 8.
Qxd4 Bg7 9. Be3 O-O 10. Qd1 Be6 11. Rc1 Qa5 12. O-O Rac8 13. b3 a6 14. Qd2 Kh8
15. f3 Rc6 16. Nd5 Qxd2 17. Bxd2 Bxd5 18. exd5 Rcc8 19. Be3 Nd7 20. f4 a5 21.
g4 f5 22. gxf5 gxf5 23. Bd3 Nc5 24. Bb1 b6 25. Kh1 Rf6 26. Rg1 Rcf8 27. Rce1
R6f7 28. Rg2 e6 29. dxe6 Nxe6 30. Rd1 Rd7 31. Rd5 Nc7 32. Rxf5 Rxf5 33. Bxf5
Rf7 34. Bh3 b5 35. Rd2 bxc4 36. bxc4 Bc3 37. Rxd6 Kg7 38. Kg2 Ne8 39. Rd7 Rxd7
40. Bxd7 Nd6 41. c5 1-0

[Event "Lliga Catalana DH Final A"]
[Site "?"]
[Date "2015.04.18"]
[Round "11.1"]
[White "Movsziszian, K."]
[Black "Peralta, F."]
[Result "1/2-1/2"]
[WhiteElo "2513"]
[BlackElo "2575"]
[PlyCount "116"]
[EventDate "2015.??.??"]
[EventType "team"]

1. e4 c6 2. Nf3 d5 3. Nc3 dxe4 4. Nxe4 Nf6 5. Nxf6+ exf6 6. Bc4 Bd6 7. Qe2+ Qe7
8. Qxe7+ Kxe7 9. O-O Be6 10. Re1 Kd7 11. Be2 a5 12. d4 Na6 13. a3 b5 14. Nd2
Rhe8 15. Ne4 Bf8 16. Bf4 f5 17. Nc3 Bd6 18. Bxd6 Kxd6 19. d5 Bxd5 20. Nxd5 Kxd5
21. a4 b4 22. Rad1+ Kc5 23. Kf1 Kb6 24. Rd6 Red8 25. Red1 Rxd6 26. Rxd6 Kc7 27.
Rxc6+ Kxc6 28. Bf3+ Kd6 29. Bxa8 Nc5 30. b3 Ke5 31. Ke2 Kd4 32. Kd1 Kc3 33. Bd5
Ne4 34. f3 Nd6 35. Bc6 f4 36. Bd7 h5 37. Kc1 h4 38. h3 Nb7 39. Be8 Nd8 40. Kd1
g5 41. Kc1 f6 42. Bd7 Nf7 43. Bf5 Ne5 44. Be4 Nd7 45. Kd1 Nc5 46. Bf5 Nb7 47.
Be4 Nd6 48. Bd3 Nf7 49. Be4 Nd8 50. Bd5 Kd4 51. Bc4 Kc3 52. Bd5 f5 53. Kc1 Kd4
54. Bc4 Kc3 55. Bd5 Kd4 56. Bc4 Ke3 57. Bd5 Kd4 58. Bc4 Kc3 1/2-1/2

[Event "Lliga Catalana DH Final A"]
[Site "?"]
[Date "2015.04.18"]
[Round "11.2"]
[White "Fluvia Poyatos, Joan"]
[Black "Gonzalez Perez, A."]
[Result "1-0"]
[WhiteElo "2551"]
[BlackElo "2527"]
[PlyCount "97"]
[EventDate "2015.??.??"]
[EventType "team"]

1. e4 e6 2. d4 d5 3. Nc3 Bb4 4. e5 c5 5. a3 Bxc3+ 6. bxc3 Ne7 7. Nf3 Qa5 8. Bd2
Nbc6 9. Be2 c4 10. a4 Bd7 11. Qc1 Qc7 12. Qa3 f6 13. exf6 gxf6 14. g3 Ng6 15.
Bh6 Rg8 16. h4 O-O-O 17. h5 Nf8 18. Rh4 e5 19. dxe5 fxe5 20. O-O-O Qb6 21. Be3
Qa5 22. Ng5 Be6 23. f4 e4 24. Nxe6 Nxe6 25. Bg4 Rxg4 26. Rxg4 d4 27. cxd4 Ncxd4
28. Bxd4 Nxd4 29. Rxd4 Rxd4 30. Rg8+ Kd7 31. Qf8 Qe1+ 32. Kb2 c3+ 33. Ka2 Rxa4+
34. Kb3 Qb1+ 35. Kxa4 Qxc2+ 36. Kb4 Qb2+ 37. Kc4 b5+ 38. Kd5 Qa2+ 39. Kxe4 Qe2+
40. Kd4 Qd2+ 41. Kc5 Qf2+ 42. Kxb5 Qe2+ 43. Kb4 a5+ 44. Kxc3 Qe3+ 45. Kc4 Qe4+
46. Kc5 Qe3+ 47. Kd5 Qd3+ 48. Ke5 Qb5+ 49. Kf6 1-0